[Event "Andorra open"]
[Site "Escaldes"]
[Date "2022.07.24"]
[Round "1.4"]
[White "Asis Gargatagli, Hipolito"]
[Black "Monell Camarasa, David"]
[Result "1-0"]
[WhiteElo "2568"]
[BlackElo "2214"]
[PlyCount "59"]
[EventDate "2022.07.24"]
[EventCountry "AND"]

1. e4 d5 2. exd5 Qxd5 3. Nc3 Qd8 4. d4 Nf6 5. Bc4 a6 6. Bg5 b5 7. Bb3 Bb7 8.
Nf3 c5 9. a4 b4 10. Ne2 e6 11. Qd3 Nc6 12. O-O-O Na5 13. Nf4 Rc8 14. Bxe6 fxe6
15. Nxe6 Qd5 16. Rhe1 Kf7 17. Nf4 c4 18. Qe3 Qd6 19. d5 Re8 20. Qa7 h6 21. Re6
Qc7 22. Ne5+ Kg8 23. Bxf6 Rxe6 24. Nxe6 Qd6 25. Qe3 b3 26. c3 Bc8 27. Bd8 Nb7
28. Bc7 Qe7 29. Ng6 Qf7 30. Nexf8 1-0

[Event "Andorra open"]
[Site "Escaldes"]
[Date "2022.07.24"]
[Round "1.5"]
[White "Luke Brezmes, Cristofer"]
[Black "Cuartas, Jaime Alexander"]
[Result "0-1"]
[WhiteElo "2204"]
[BlackElo "2566"]
[PlyCount "122"]
[EventDate "2022.07.24"]
[EventCountry "AND"]

1. e4 c5 2. Nf3 Nc6 3. d4 cxd4 4. Nxd4 Qb6 5. Nb5 Nf6 6. Be3 Qd8 7. N1c3 a6 8.
Nd4 d6 9. f3 e5 10. Nb3 Be6 11. Qd2 d5 12. exd5 Nxd5 13. Nxd5 Qxd5 14. Qxd5
Bxd5 15. O-O-O O-O-O 16. Bb6 Rd7 17. c4 Be6 18. Rxd7 Bxd7 19. c5 Be6 20. Nd2
Nb4 21. a3 Nd5 22. Ba7 Be7 23. Nc4 Kc7 24. Nb6 Ne3 25. b4 Rd8 26. Be2 Bg5 27.
h4 Bf4 28. g3 Bxg3 29. Na4 Kc6 30. Nc3 Bc4 31. a4 Bxe2 32. Nxe2 Bf4 33. Nxf4
exf4 34. Kb2 Ra8 35. Bb6 Nc4+ 36. Kc3 Nxb6 37. cxb6 Re8 38. Kd4 Kxb6 39. Rg1 g6
40. Rg4 Re1 41. Rxf4 f5 42. h5 a5 43. Kd5 Re3 44. Kd6 Ra3 45. b5 Rb3 46. Rd4
Rb4 47. Rd3 Rxa4 48. Ke5 Rh4 49. hxg6 hxg6 50. Rd6+ Kxb5 51. Rxg6 f4 52. Kd4
Rh1 53. Rf6 Rb1 54. Kc3 Rb4 55. Rf5+ Ka4 56. Kc2 b5 57. Rf8 Ka3 58. Rf5 a4 59.
Kc1 Rc4+ 60. Kb1 b4 61. Rf8 Kb3 0-1

[Event "Andorra open"]
[Site "Escaldes"]
[Date "2022.07.25"]
[Round "2.1"]
[White "Kobo, Ori"]
[Black "Torres Rosas, Luis Carlos"]
[Result "1/2-1/2"]
[WhiteElo "2534"]
[BlackElo "2323"]
[PlyCount "69"]
[EventDate "2022.07.24"]
[EventCountry "AND"]

1. Nf3 Nf6 2. d4 e6 3. g3 d5 4. Bg2 Be7 5. c4 O-O 6. Qc2 a5 7. O-O c6 8. Bg5 b6
9. Nbd2 Bb7 10. Rfe1 Na6 11. Rad1 h6 12. Bxf6 Bxf6 13. e4 Rc8 14. Qb1 Qc7 15.
h4 Rfd8 16. Bh3 Rd7 17. cxd5 cxd5 18. e5 Be7 19. Rc1 Qd8 20. Bf1 Rxc1 21. Rxc1
Rc7 22. h5 Qc8 23. Rxc7 Qxc7 24. Qd1 Nb8 25. Qa4 Qc6 26. Qd1 Ba6 27. a3 Bxf1
28. Nxf1 b5 29. Ne3 Qb6 30. Qd3 Nc6 31. Nd1 Na7 32. Nc3 Qc6 33. Nd2 b4 34. axb4
Bxb4 35. Ndb1 1/2-1/2

[Event "Andorra open"]
[Site "Escaldes"]
[Date "2022.07.25"]
[Round "2.2"]
[White "Prado Lobo, Jonas"]
[Black "Iniyan, P."]
[Result "0-1"]
[WhiteElo "2296"]
[BlackElo "2533"]
[PlyCount "138"]
[EventDate "2022.07.24"]
[EventCountry "AND"]

1. d4 Nf6 2. c4 e6 3. Nc3 Bb4 4. Qc2 O-O 5. Nf3 d6 6. Bd2 c5 7. dxc5 Bxc5 8. e3
Nc6 9. Be2 d5 10. cxd5 exd5 11. O-O Qe7 12. Rac1 Rd8 13. Rfd1 Bg4 14. Nb5 Ne4
15. Be1 Rac8 16. Nc3 Nf6 17. Nxd5 Rxd5 18. Rxd5 Bxe3 19. fxe3 Nxd5 20. Qc5
Qxe3+ 21. Qxe3 Nxe3 22. Bf2 Nd5 23. Bb5 Bxf3 24. gxf3 a6 25. Rd1 Nde7 26. Bxc6
Nxc6 27. Rd7 b5 28. Kg2 f6 29. f4 Rd8 30. Rxd8+ Nxd8 31. f5 Nb7 32. Kf3 Nd6 33.
Bc5 Nxf5 34. Ke4 g6 35. Kd5 Kf7 36. Kc6 Ke6 37. b4 g5 38. Kb6 Kd5 39. Kxa6 Kc6
40. Bf8 g4 41. a4 bxa4 42. b5+ Kd5 43. b6 Nd4 44. b7 Nc6 45. Kb5 f5 46. Kxa4 f4
47. Bh6 f3 48. Be3 Kc4 49. Bf2 Nb8 50. Ka5 Nd7 51. Bg1 h6 52. Ka6 h5 53. Bf2
Kb4 54. Ka7 Kb5 55. Bg3 Kc4 56. Bf2 Kd3 57. Ka6 h4 58. Kb5 g3 59. hxg3 h3 60.
Kc6 Nb8+ 61. Kc7 h2 62. Kxb8 h1=Q 63. Kc7 Qc1+ 64. Kd7 Qb2 65. Kc6 Ke2 66. Bd4
Qxd4 67. b8=Q f2 68. Qb5+ Qd3 69. Qb2+ Kf3 0-1

[Event "Andorra open"]
[Site "Escaldes"]
[Date "2022.07.25"]
[Round "2.3"]
[White "Neugebauer, Martin"]
[Black "Vehi Bach, Victor Manuel"]
[Result "1-0"]
[WhiteElo "2528"]
[BlackElo "2290"]
[PlyCount "87"]
[EventDate "2022.07.24"]
[EventCountry "AND"]

1. e4 c5 2. Nf3 e6 3. d4 cxd4 4. Nxd4 a6 5. Bd3 Nf6 6. O-O e5 7. Nb3 Nc6 8. c4
d6 9. Nc3 Be6 10. Nd5 Be7 11. Be3 Nd7 12. Qd2 O-O 13. Rfd1 Re8 14. f3 Bf8 15.
Rac1 Nc5 16. Bb1 a5 17. Qf2 b6 18. Nd2 Be7 19. Nf1 h6 20. Nxe7+ Qxe7 21. b3 Qc7
22. Ng3 Rf8 23. Qb2 Ne7 24. Ne2 f5 25. Nc3 Rad8 26. Nb5 Qc6 27. exf5 Bxf5 28.
Nc3 Bxb1 29. Qxb1 Rf7 30. Bf2 Nf5 31. Nd5 Rb8 32. Qxf5 Qxd5 33. Qg6 Rf6 34.
Qxf6 Qxd1+ 35. Rxd1 gxf6 36. Rxd6 Kf7 37. Bxc5 bxc5 38. Ra6 Rd8 39. Rxa5 Rd2
40. Rxc5 Rxa2 41. b4 Ke6 42. b5 Rb2 43. Rc6+ Kf5 44. b6 1-0

[Event "Andorra open"]
[Site "Escaldes"]
[Date "2022.07.25"]
[Round "2.4"]
[White "Nottola, Adrien"]
[Black "Asis Gargatagli, Hipolito"]
[Result "0-1"]
[WhiteElo "2275"]
[BlackElo "2514"]
[PlyCount "218"]
[EventDate "2022.07.24"]
[EventCountry "AND"]

1. e4 e5 2. Nf3 Nc6 3. Bb5 a6 4. Ba4 Nf6 5. O-O b5 6. Bb3 Bc5 7. c3 d6 8. d4
Bb6 9. Re1 Rb8 10. h3 O-O 11. Be3 Re8 12. Nbd2 Bb7 13. Ng5 Re7 14. d5 Bxe3 15.
Rxe3 Na7 16. Nf1 h6 17. Nf3 Re8 18. Ng3 Bc8 19. a4 b4 20. Ne1 a5 21. Nd3 bxc3
22. bxc3 Ba6 23. c4 c5 24. Qc2 Nc8 25. Rf1 Ne7 26. f4 exf4 27. Nxf4 Bc8 28. e5
dxe5 29. Rxe5 Qd6 30. Re3 Bd7 31. Nd3 Nexd5 32. Rxe8+ Rxe8 33. cxd5 Qxg3 34.
Rf3 Qg5 35. Qxc5 Qd2 36. Qc2 Qxc2 37. Bxc2 Nxd5 38. Bb3 Be6 39. Nc5 Rc8 40.
Nxe6 fxe6 41. Bxd5 exd5 42. Rb3 d4 43. Rb5 d3 44. Rd5 Rc3 45. Kf2 Rc2+ 46. Kf3
d2 47. g4 Ra2 48. Ke2 Rxa4 49. Kxd2 Ra2+ 50. Ke3 a4 51. Kf3 Ra3+ 52. Kg2 Rb3
53. Ra5 a3 54. h4 Rb2+ 55. Kf3 a2 56. g5 hxg5 57. hxg5 Kf7 58. Ra6 g6 59. Ke3
Ke7 60. Kd3 Kd7 61. Kc3 Rg2 62. Kb3 Kc7 63. Ra8 Kb6 64. Kc3 Kb5 65. Ra7 Kb6 66.
Ra8 Kc5 67. Ra5+ Kc6 68. Kc4 Kd6 69. Kd4 Ke6 70. Ke4 Rb2 71. Ra6+ Kd7 72. Kd4
Rg2 73. Kc4 Ke7 74. Kd4 Kd7 75. Kc4 Kc7 76. Kb4 Kb7 77. Ra5 Kb6 78. Ra8 Rg4+
79. Kc3 Rg2 80. Kb4 Kc6 81. Kc4 Kd6 82. Kd4 Ke6 83. Ke4 Rxg5 84. Ra6+ Kf7 85.
Rxa2 Rf5 86. Rg2 Kf6 87. Rg3 Rf1 88. Rg4 g5 89. Ke3 Kg6 90. Ke2 Rf8 91. Ra4 Kh5
92. Ra1 Rf5 93. Rb1 Kh4 94. Rg1 g4 95. Ke3 Kh3 96. Rh1+ Kg2 97. Rh8 g3 98. Rg8
Kh2 99. Rh8+ Kg1 100. Rg8 g2 101. Ke2 Rf7 102. Rg6 Re7+ 103. Kd2 Re5 104. Rg8
Kh2 105. Rh8+ Kg3 106. Rg8+ Kf3 107. Kd3 Rd5+ 108. Kc2 Rd4 109. Rf8+ Rf4 0-1

[Event "Andorra open"]
[Site "Escaldes"]
[Date "2022.07.25"]
[Round "2.5"]
[White "Cuartas, Jaime Alexander"]
[Black "Defromont, Benjamin"]
[Result "0-1"]
[WhiteElo "2513"]
[BlackElo "2268"]
[PlyCount "158"]
[EventDate "2022.07.24"]
[EventCountry "AND"]

1. d4 Nf6 2. Nf3 e6 3. c4 Bb4+ 4. Bd2 Bxd2+ 5. Nbxd2 d5 6. e3 O-O 7. Qc2 Nbd7
8. cxd5 exd5 9. Rc1 c6 10. Bd3 Qe7 11. O-O Re8 12. a3 a5 13. e4 dxe4 14. Bxe4
Nxe4 15. Nxe4 Nf6 16. Nc5 Bg4 17. Rfe1 Qc7 18. Ne5 Rad8 19. Qc3 Nd5 20. Qd2 Bc8
21. Nb3 f6 22. Nc4 a4 23. Nc5 b6 24. Nd3 Ba6 25. Qc2 Bb5 26. g3 Qd7 27. b3 axb3
28. Qxb3 Kh8 29. Rxe8+ Rxe8 30. a4 Ba6 31. Ndb2 Qg4 32. Nd6 Re2 33. Nbc4 h6 34.
Nf7+ Kh7 35. Qd3+ Kg8 36. Kf1 Re7 37. Nfd6 Qh3+ 38. Kg1 Nf4 39. Qf1 Ne2+ 40.
Kh1 Qg4 41. f3 Qe6 42. Rc2 Nxd4 43. Rc1 Ne2 44. Rc2 b5 45. Ne4 Nd4 46. Rd2 Nxf3
47. Rd8+ Kh7 48. Ncd6 Ne5 49. Qb1 Ng6 50. Qd1 bxa4 51. Kg1 Bc4 52. Nxc4 Qxe4
53. Rd4 Qf5 54. Kg2 c5 55. Nd6 Qe6 56. Rxa4 Rd7 57. Ra6 c4 58. h4 f5 59. Qd4 c3
60. Qd3 c2 61. Qxc2 Rxd6 62. Rxd6 Qxd6 63. Qxf5 Qe5 64. Qd3 h5 65. Kh2 Qe6 66.
Qc2 Kg8 67. Qd1 Ne5 68. Kg2 Qc6+ 69. Kh3 Qd7+ 70. Qxd7 Nxd7 71. g4 g6 72. gxh5
gxh5 73. Kg3 Kf7 74. Kf4 Kf6 75. Ke4 Ne5 76. Kf4 Ng6+ 77. Kg3 Kf5 78. Kh3 Kf4
79. Kh2 Nxh4 0-1

[Event "Andorra open"]
[Site "Escaldes"]
[Date "2022.07.25"]
[Round "2.6"]
[White "Domene Mulyukov, Alexander"]
[Black "Garriga Cazorla, Pere"]
[Result "0-1"]
[WhiteElo "2251"]
[BlackElo "2505"]
[PlyCount "104"]
[EventDate "2022.07.24"]
[EventCountry "AND"]

1. e4 c5 2. d3 Nc6 3. f4 e6 4. Nf3 d5 5. Be2 Bd6 6. O-O Nge7 7. Na3 f6 8. Be3
a6 9. Qe1 Qc7 10. g3 O-O 11. c3 b5 12. Nc2 Rb8 13. Qf2 c4 14. Rad1 a5 15. Ncd4
Nxd4 16. Nxd4 Bd7 17. Bg4 Qc8 18. exd5 Nxd5 19. dxc4 bxc4 20. Nxe6 Bxe6 21.
Rxd5 Bxg4 22. Rxd6 Re8 23. Re1 Qf5 24. Qd2 h5 25. Rd5 Qg6 26. Rxa5 Bf3 27. Rf1
Qg4 28. Rc5 h4 29. b4 hxg3 30. h3 Qxh3 31. Rxf3 Rbd8 32. Bd4 Re1+ 33. Qxe1 Qh2+
34. Kf1 g2+ 35. Ke2 g1=Q+ 36. Qf2 Qhxf2+ 37. Rxf2 Re8+ 38. Kf3 Qh1+ 39. Kg3
Qg1+ 40. Rg2 Qd1 41. a4 Re1 42. Rc8+ Kh7 43. Rc5 Rf1 44. Rh2+ Kg8 45. Rf2 Rg1+
46. Rg2 Rh1 47. Rc8+ Kf7 48. Rc7+ Ke8 49. Be3 Qd3 50. Rc8+ Kf7 51. Rc7+ Ke6 52.
f5+ Qxf5 0-1

[Event "Andorra open"]
[Site "Escaldes"]
[Date "2022.07.25"]
[Round "2.7"]
[White "Solodovnichenko, Yuri"]
[Black "Vela Frago, Alberto"]
[Result "1-0"]
[WhiteElo "2497"]
[BlackElo "2245"]
[PlyCount "41"]
[EventDate "2022.07.24"]
[EventCountry "AND"]

1. e4 e5 2. Nf3 Nc6 3. d4 exd4 4. Nxd4 Nf6 5. Nxc6 bxc6 6. e5 Qe7 7. Qe2 Nd5 8.
h4 a5 9. g3 Ba6 10. c4 Qb4+ 11. Nd2 a4 12. Bg2 Nb6 13. b3 O-O-O 14. O-O Re8 15.
Ne4 Qe7 16. Bb2 c5 17. Qf3 h6 18. bxa4 d5 19. exd6 cxd6 20. Nxc5 dxc5 21. Qc6+
1-0

[Event "Andorra open"]
[Site "Escaldes"]
[Date "2022.07.25"]
[Round "2.8"]
[White "Moral Garcia, Serafin"]
[Black "Lopez Martinez, Josep Manuel"]
[Result "0-1"]
[WhiteElo "2237"]
[BlackElo "2486"]
[PlyCount "113"]
[EventDate "2022.07.24"]
[EventCountry "AND"]

1. Nf3 d5 2. b3 Bf5 3. Bb2 e6 4. g3 Nf6 5. Bg2 Be7 6. O-O h6 7. d3 O-O 8. Nbd2
Bh7 9. Qe1 c5 10. e4 Nc6 11. Qe2 Rc8 12. c4 a6 13. Ne5 Nd4 14. Bxd4 cxd4 15. a3
dxc4 16. dxc4 Nd7 17. Nd3 Nc5 18. Rfb1 Qd7 19. Nxc5 Bxc5 20. Qd3 b6 21. b4 Be7
22. Bf1 e5 23. a4 Qc7 24. a5 bxa5 25. bxa5 Bc5 26. Nb3 f5 27. Bg2 Kh8 28. exf5
Bxf5 29. Be4 Be6 30. Bd5 Bxd5 31. cxd5 Qf7 32. Nxc5 Rxc5 33. Rb2 Qxd5 34. Qxa6
d3 35. Rd2 e4 36. Qb6 Rb5 37. Qc7 Qd4 38. Re1 Qb4 39. Qc1 Rxa5 40. Qb2 Qc4 41.
Rc1 Qf7 42. Qd4 Qf5 43. Re1 Qg5 44. Re3 Re5 45. h4 Qf5 46. Re1 Ree8 47. Re3 Qa5
48. Rd1 Qf5 49. Rd2 Qc8 50. Kg2 Qc1 51. Qb2 Qc5 52. Rd1 Rb8 53. Qd2 Qd4 54. Qe1
Rb2 55. Rd2 Rxd2 56. Qxd2 Qd5 57. Re1 0-1

[Event "Andorra open"]
[Site "Escaldes"]
[Date "2022.07.25"]
[Round "2.9"]
[White "Aronyak, Ghosh"]
[Black "Pomes Marcet, Juan"]
[Result "1-0"]
[WhiteElo "2486"]
[BlackElo "2233"]
[PlyCount "87"]
[EventDate "2022.07.24"]
[EventCountry "AND"]

1. d4 d5 2. c4 c6 3. Nc3 dxc4 4. e3 b5 5. a4 b4 6. Ne4 Qd5 7. Nd2 c3 8. bxc3
bxc3 9. Nb1 Qa5 10. Qc2 e6 11. Nxc3 Bb4 12. Bd2 Nf6 13. Nf3 O-O 14. Ne5 Nd5 15.
Nc4 Qc7 16. Nxd5 Bxd2+ 17. Nxd2 exd5 18. Bd3 h6 19. O-O Nd7 20. Rfc1 Bb7 21. a5
Rab8 22. Nb3 Ba8 23. Bf5 Nf6 24. Nc5 Qe7 25. Na6 Rbd8 26. Rab1 Ne8 27. Bd3 g6
28. Qc5 Nd6 29. Nb4 Rc8 30. Ba6 Rb8 31. Nxc6 Bxc6 32. Qxc6 Rxb1 33. Rxb1 Ne4
34. Bd3 Qd6 35. Qc2 Ng5 36. h4 Ne6 37. Bxg6 Qd8 38. Rb7 Qf6 39. Bh7+ Kh8 40. g3
a6 41. Bf5 Ng7 42. Bg4 Ne8 43. Rb6 Qg7 44. Bf3 1-0

[Event "Andorra open"]
[Site "Escaldes"]
[Date "2022.07.25"]
[Round "2.10"]
[White "Rathanvel, V S.."]
[Black "Aaron, Deepak"]
[Result "1-0"]
[WhiteElo "2478"]
[BlackElo "2221"]
[PlyCount "123"]
[EventDate "2022.07.24"]
[EventCountry "AND"]

1. e4 e5 2. Nf3 Nc6 3. Bb5 a6 4. Ba4 Nf6 5. O-O b5 6. Bb3 Bc5 7. c3 d6 8. d4
Bb6 9. Be3 Bg4 10. Nbd2 exd4 11. cxd4 O-O 12. Qc1 Na5 13. Bc2 Re8 14. b4 Nc4
15. Nxc4 bxc4 16. Nd2 d5 17. e5 Nd7 18. h3 Bh5 19. f4 f6 20. Nf3 Bxf3 21. Rxf3
a5 22. b5 Nf8 23. a4 Ne6 24. Qd2 fxe5 25. fxe5 Qh4 26. Rd1 Rf8 27. Bf5 Qe7 28.
Rdf1 g6 29. Bxe6+ Qxe6 30. Qf2 Rxf3 31. Qxf3 c3 32. Kh1 Kg7 33. Rc1 Kg8 34. Rf1
Kg7 35. Bg1 Qf5 36. Qxf5 gxf5 37. Rc1 f4 38. Rxc3 Kg6 39. Rf3 Kf5 40. g3 Ke4
41. Rxf4+ Kd3 42. Rf7 Re8 43. Rxh7 Kc4 44. g4 Kb3 45. g5 Kxa4 46. g6 Kb3 47. g7
Rg8 48. e6 a4 49. e7 a3 50. Rh8 Rxg7 51. e8=Q Rxg1+ 52. Kxg1 Bxd4+ 53. Kf1 a2
54. Qa8 a1=Q+ 55. Qxa1 Bxa1 56. Rh7 Kc4 57. Rxc7+ Kxb5 58. h4 Kb6 59. Rc2 Bg7
60. h5 d4 61. Ke2 Bh6 62. Kd3 1-0

[Event "Andorra open"]
[Site "Escaldes"]
[Date "2022.07.25"]
[Round "2.11"]
[White "Weber, Samuel"]
[Black "Kogan, Arthur"]
[Result "1/2-1/2"]
[WhiteElo "2227"]
[BlackElo "2476"]
[PlyCount "89"]
[EventDate "2022.07.24"]
[EventCountry "AND"]

1. c4 e5 2. g3 Nc6 3. Bg2 h5 4. h3 d6 5. Nc3 h4 6. g4 g6 7. e3 f5 8. gxf5 gxf5
9. d4 Bd7 10. Nge2 Nf6 11. Nd5 Nxd5 12. cxd5 Ne7 13. Qb3 Rb8 14. dxe5 dxe5 15.
Bd2 Ng6 16. Rg1 Bd6 17. Bc3 Qe7 18. O-O-O Rh6 19. Kb1 Kf7 20. f4 exf4 21. Nxf4
Qxe3 22. Ne6 Ne7 23. Nxc7 Rg6 24. Nb5 Bxb5 25. Qxb5 Rbg8 26. Rge1 Qb6 27. Qxb6
axb6 28. Bf3 Rg5 29. Re6 R8g6 30. Rde1 f4 31. Rxg6 Nxg6 32. Re6 Be5 33. Bd2 Bd4
34. Re4 Rxd5 35. Bxf4 Rf5 36. Rxd4 Rxf4 37. Rxf4+ Nxf4 38. Bg4 Kf6 39. Kc2 Ke5
40. Kc3 Nd5+ 41. Kb3 b5 42. Bf3 Nf4 43. Bxb7 Nxh3 44. Kc3 Nf2 45. Bc8 1/2-1/2

[Event "Andorra open"]
[Site "Escaldes"]
[Date "2022.07.25"]
[Round "2.12"]
[White "Holm, Kristian Stuvik"]
[Black "Glimbrant, Torbjorn"]
[Result "1-0"]
[WhiteElo "2463"]
[BlackElo "2206"]
[PlyCount "65"]
[EventDate "2022.07.24"]
[EventCountry "AND"]

1. e4 e5 2. Nf3 Nc6 3. d4 exd4 4. Nxd4 Bc5 5. Nb3 Bb4+ 6. c3 Be7 7. f4 d6 8.
N1d2 Nf6 9. Bd3 O-O 10. O-O Re8 11. Nf3 Be6 12. Qc2 h6 13. Bd2 Bf8 14. Rae1 Nd7
15. Nbd4 Nxd4 16. cxd4 Bg4 17. Bc3 Bxf3 18. Rxf3 c5 19. d5 Qc7 20. b3 a6 21.
Rg3 Kh8 22. Qe2 c4 23. bxc4 b5 24. Qh5 f6 25. Qg6 bxc4 26. Bc2 Nc5 27. e5 Nd3
28. Rxd3 cxd3 29. Bxd3 Kg8 30. e6 f5 31. Qxf5 Qc5+ 32. Kh1 Qxc3 33. Qh7# 1-0

[Event "Andorra open"]
[Site "Escaldes"]
[Date "2022.07.25"]
[Round "2.13"]
[White "Martinez Lopez, Ivan"]
[Black "Narciso Dublan, Marc"]
[Result "1/2-1/2"]
[WhiteElo "2213"]
[BlackElo "2461"]
[PlyCount "139"]
[EventDate "2022.07.24"]
[EventCountry "AND"]

1. c4 f5 2. Nf3 Nf6 3. e3 g6 4. b3 Bg7 5. Bb2 O-O 6. Be2 d6 7. d4 e6 8. O-O Qe7
9. Nc3 Na6 10. a3 c6 11. Qc2 Nc7 12. Rad1 Ng4 13. g3 e5 14. c5 d5 15. Nxe5 Nxe5
16. dxe5 Bxe5 17. Na4 g5 18. Bxe5 Qxe5 19. Qb2 Qe7 20. Rfe1 Bd7 21. Bf1 Ne8 22.
b4 Nf6 23. Nc3 Rae8 24. Qd2 Qg7 25. Qd4 Qh6 26. Bg2 Re7 27. Re2 Be8 28. Rde1
Bh5 29. f3 Rfe8 30. a4 Nd7 31. g4 Bg6 32. gxf5 Bxf5 33. e4 dxe4 34. Nxe4 Bxe4
35. Rxe4 Rxe4 36. Rxe4 Rxe4 37. Qxe4 Qf6 38. Bh3 Ne5 39. Bg4 Kg7 40. Kg2 Ng6
41. Bc8 Kh6 42. Bxb7 Nf4+ 43. Kg3 Qb2 44. Qxc6+ Kh5 45. Qe8+ Kh6 46. Qf8+ Kh5
47. Qf7+ Kh6 48. Kg4 Ng6 49. Qe6 Qxh2 50. Qd6 Qh4+ 51. Kf5 Qxb4 52. Be4 Kh5 53.
Ke6 Nf4+ 54. Kd7 Qxa4+ 55. c6 Qb5 56. Bxh7 a5 57. Be4 a4 58. Qe7 Kh4 59. Qh7+
Kg3 60. Qf5 Qxf5+ 61. Bxf5 a3 62. Bb1 Nd5 63. Ba2 Nb6+ 64. Kc7 Na4 65. Kb7 Nc3
66. Bc4 Nb5 67. Bxb5 a2 68. c7 a1=Q 69. c8=Q Qb2 70. Qc7+ 1/2-1/2

[Event "Andorra open"]
[Site "Escaldes"]
[Date "2022.07.25"]
[Round "2.14"]
[White "Zoler, Dan"]
[Black "Morros Faura, Ricard"]
[Result "1-0"]
[WhiteElo "2449"]
[BlackElo "2202"]
[PlyCount "157"]
[EventDate "2022.07.24"]
[EventCountry "AND"]

1. d4 Nf6 2. c4 e6 3. g3 Bb4+ 4. Bd2 Be7 5. Bg2 d5 6. Nf3 O-O 7. O-O c6 8. Qc2
b6 9. Rd1 Ba6 10. b3 Nbd7 11. a4 Ne4 12. Be1 Rc8 13. Na3 Qc7 14. b4 Nd6 15. Nd2
Rfd8 16. Rac1 Qb8 17. Qa2 Bb7 18. Rb1 a6 19. e4 Nxe4 20. Nxe4 dxe4 21. Bxe4 Nf6
22. Bg2 Rd7 23. c5 b5 24. Nc2 Rcd8 25. Qa1 Nd5 26. Ne3 Bc8 27. Bd2 Bf8 28. Re1
Qb7 29. Ng4 Re7 30. Ne5 f6 31. Nd3 Bd7 32. Bf4 Ree8 33. Re2 g5 34. Bd2 bxa4 35.
Nb2 Re7 36. Nxa4 Be8 37. Nc3 Bh5 38. Ree1 Bg6 39. Ne4 Bxe4 40. Rxe4 h6 41. Bf1
Ra8 42. Rbe1 Kf7 43. Qd1 Qd7 44. Qh5+ Kg8 45. h4 Nc7 46. Bc4 Bg7 47. hxg5 hxg5
48. Qe2 Rae8 49. g4 Kf7 50. Kg2 Rh8 51. Qf3 Ke8 52. Qg3 Kf7 53. f4 gxf4 54.
Bxf4 Nd5 55. Bd6 Ree8 56. Rf1 Reg8 57. Rfe1 Re8 58. R1e2 Bf8 59. Bf4 Bh6 60.
Bd6 Bf8 61. Bxd5 cxd5 62. Rf4 Bh6 63. g5 Bg7 64. g6+ Kg8 65. Rh4 e5 66. dxe5 f5
67. Qh3 Re6 68. Rxh8+ Bxh8 69. Qxf5 Qe8 70. Qf7+ Qxf7 71. gxf7+ Kxf7 72. c6 Re8
73. e6+ Rxe6 74. Rf2+ Bf6 75. c7 Re8 76. Be5 Rg8+ 77. Kf1 Ke6 78. Bxf6 Kd7 79.
Be5 1-0

[Event "Andorra open"]
[Site "Escaldes"]
[Date "2022.07.25"]
[Round "2.15"]
[White "Arpan, Das (Jr)"]
[Black "Boyer, Mahel"]
[Result "1-0"]
[WhiteElo "2178"]
[BlackElo "2439"]
[PlyCount "87"]
[EventDate "2022.07.24"]
[EventCountry "AND"]

1. e4 e6 2. d4 d5 3. Nd2 c5 4. Ngf3 a6 5. dxc5 Bxc5 6. Bd3 Nf6 7. Qe2 dxe4 8.
Nxe4 Nxe4 9. Qxe4 Nd7 10. O-O Nf6 11. Qh4 Be7 12. Rd1 Qc7 13. Qg5 O-O 14. Bf4
Qc5 15. Be5 b6 16. Qh4 Re8 17. b4 Qxb4 18. Bxf6 Qxh4 19. Bxh4 f6 20. Bg3 e5 21.
Nd2 Be6 22. f3 b5 23. a4 bxa4 24. Rxa4 a5 25. Nb3 Bb4 26. Be1 Bd7 27. Bc4+ Kh8
28. Rxb4 axb4 29. Rxd7 e4 30. Bd5 Ra2 31. fxe4 Rxc2 32. Bxb4 Rb2 33. h3 h5 34.
Be7 h4 35. Nd4 Kh7 36. Bxf6 Rb1+ 37. Kh2 Kg6 38. Bf7+ Kxf6 39. Bxe8 Rb8 40.
Rf7+ Kg6 41. Rf8+ Kh6 42. e5 Rb6 43. e6 Rb4 44. Nf3 1-0

[Event "Andorra open"]
[Site "Escaldes"]
[Date "2022.07.25"]
[Round "2.16"]
[White "Cruz Lledo, Pablo"]
[Black "Pham Guerrero, Sergi"]
[Result "1/2-1/2"]
[WhiteElo "2433"]
[BlackElo "2183"]
[PlyCount "50"]
[EventDate "2022.07.24"]
[EventCountry "AND"]

1. d4 Nf6 2. Nf3 g6 3. c4 c5 4. e3 Bg7 5. Nc3 O-O 6. Be2 cxd4 7. exd4 d5 8. c5
b6 9. cxb6 Qxb6 10. O-O Nc6 11. b3 Bg4 12. Na4 Qd8 13. Be3 Ne4 14. Rc1 Rc8 15.
h3 Bxf3 16. Bxf3 e6 17. Nc5 Nd6 18. Be2 Nf5 19. Ba6 Nxe3 20. fxe3 Rc7 21. Qd2
Qg5 22. Rc2 Bh6 23. Rc3 e5 24. Qf2 exd4 25. exd4 Bg7 1/2-1/2

[Event "Andorra open"]
[Site "Escaldes"]
[Date "2022.07.25"]
[Round "2.17"]
[White "Barros, Raul Junior"]
[Black "Girel, Joseph"]
[Result "1/2-1/2"]
[WhiteElo "2174"]
[BlackElo "2414"]
[PlyCount "68"]
[EventDate "2022.07.24"]
[EventCountry "AND"]

1. e4 e5 2. d4 exd4 3. Qxd4 Nc6 4. Qc4 Nf6 5. Nc3 Bb4 6. Bd2 d6 7. O-O-O O-O 8.
f3 Be6 9. Qe2 Nd4 10. Qf2 c5 11. Nge2 Nxe2+ 12. Qxe2 Qa5 13. Qb5 Qc7 14. a3 a6
15. Qe2 Ba5 16. g4 b5 17. g5 Nd7 18. Nd5 Bxd5 19. Bxa5 Qxa5 20. Rxd5 b4 21. Qd2
Qa4 22. Kb1 bxa3 23. b3 a2+ 24. Ka1 Qa3 25. Rxd6 Ne5 26. f4 Nf3 27. Qd1 Nd4 28.
Bc4 Qa5 29. Qd3 Nb5 30. Rd7 Rae8 31. e5 Nd4 32. Rd6 Nb5 33. Rd5 Nd4 34. Rd6 Nb5
1/2-1/2

[Event "Andorra open"]
[Site "Escaldes"]
[Date "2022.07.25"]
[Round "2.18"]
[White "Adla, Diego"]
[Black "Anustoop, Biswas"]
[Result "1-0"]
[WhiteElo "2407"]
[BlackElo "2175"]
[PlyCount "119"]
[EventDate "2022.07.24"]
[EventCountry "AND"]

1. e4 e6 2. d4 d5 3. exd5 exd5 4. Nf3 Nf6 5. Bd3 c5 6. Bb5+ Nc6 7. O-O Be7 8.
dxc5 Bxc5 9. Re1+ Ne4 10. Be3 Bxe3 11. Rxe3 O-O 12. Nc3 Nxc3 13. Rxc3 Ne7 14.
Qd4 Nf5 15. Qf4 Qb6 16. Rb3 Qd6 17. Qxd6 Nxd6 18. Rd1 Be6 19. Nd4 Nxb5 20. Rxb5
b6 21. f3 Rac8 22. Rb3 Rfd8 23. Re3 Bd7 24. c3 Kf8 25. Kf2 a5 26. Re5 Be8 27.
Rd2 g6 28. g4 h6 29. h4 b5 30. Ne2 Bc6 31. h5 Rd6 32. Rd4 Re8 33. Rxe8+ Kxe8
34. Nf4 Ke7 35. hxg6 fxg6 36. Nd3 Rd8 37. Ne5 Be8 38. Ke3 Ke6 39. f4 g5 40. Nf3
gxf4+ 41. Rxf4 Bd7 42. Kd4 b4 43. Ne5 bxc3 44. bxc3 Rg8 45. Rf2 Be8 46. Rb2 h5
47. Rb6+ Ke7 48. gxh5 Bxh5 49. Ra6 Rg2 50. Rxa5 Rd2+ 51. Kc5 Be2 52. Nc6+ Kf6
53. Nb4 Ke5 54. Ra8 Bc4 55. Re8+ Kf4 56. Re1 Kf3 57. a4 Kf2 58. Re5 Re2 59.
Rxe2+ Kxe2 60. Kd4 1-0

[Event "Andorra open"]
[Site "Escaldes"]
[Date "2022.07.25"]
[Round "2.19"]
[White "Serra Pages, Jordi"]
[Black "Katz, Alexander"]
[Result "0-1"]
[WhiteElo "2170"]
[BlackElo "2402"]
[PlyCount "52"]
[EventDate "2022.07.24"]
[EventCountry "AND"]

1. d4 Nf6 2. Nf3 c5 3. c4 cxd4 4. Nxd4 e5 5. Nc2 Nc6 6. Nc3 Bc5 7. Be3 Bxe3 8.
Nxe3 O-O 9. g3 d6 10. Bg2 Be6 11. O-O Rc8 12. Rc1 Nd4 13. b3 Qd7 14. Qd2 h5 15.
Rfd1 h4 16. Nc2 h3 17. Bh1 Nxc2 18. Rxc2 Rfd8 19. Nd5 Bxd5 20. Bxd5 b5 21. Rdc1
Qf5 22. Bh1 bxc4 23. Rxc4 d5 24. R4c3 d4 25. Rc4 e4 26. Qf4 Qe6 0-1

[Event "Andorra open"]
[Site "Escaldes"]
[Date "2022.07.25"]
[Round "2.20"]
[White "Almagro Llamas, Pablo"]
[Black "Saya, Ethan"]
[Result "1/2-1/2"]
[WhiteElo "2394"]
[BlackElo "2171"]
[PlyCount "126"]
[EventDate "2022.07.24"]
[EventCountry "AND"]

1. d4 d5 2. c4 c6 3. Nf3 Nf6 4. e3 e6 5. Nbd2 Nbd7 6. b3 Bd6 7. Bb2 Qe7 8. Ne5
Ba3 9. Bxa3 Qxa3 10. f4 O-O 11. Bd3 dxc4 12. Ndxc4 Qb4+ 13. Qd2 Qxd2+ 14. Kxd2
c5 15. Nd6 cxd4 16. exd4 Nd5 17. g3 Rb8 18. Be4 N7b6 19. a4 Ne7 20. a5 Nbd5 21.
Rhc1 f6 22. Nxc8 Rbxc8 23. Nd7 Rxc1 24. Rxc1 Rd8 25. Nc5 Nc7 26. Nxb7 Rxd4+ 27.
Ke3 Rd7 28. Nc5 Rd6 29. Bd3 Ned5+ 30. Ke2 Rc6 31. Kd2 Kf7 32. f5 e5 33. Be4 Ke7
34. Rc4 Rd6 35. Nd3 Kd7 36. h4 Nb5 37. Rc5 Ndc7 38. Ke3 Nd4 39. Rc3 Nd5+ 40.
Bxd5 Rxd5 41. Nc5+ Kd6 42. Nb7+ Kd7 43. Nc5+ Kd6 44. Nb7+ Ke7 45. Ke4 Rd7 46.
Nc5 Ne2 47. Re3 Rd2 48. Ne6 g6 49. Nc7 Kf7 50. Nb5 Nd4 51. fxg6+ hxg6 52. Nxd4
Rxd4+ 53. Kf3 Rd1 54. Rc3 f5 55. Rc7+ Kf6 56. Rxa7 Rd3+ 57. Kg2 Rxb3 58. Ra6+
Kg7 59. Ra7+ Kf8 60. h5 gxh5 61. Rh7 Ra3 62. Rxh5 Rxa5 63. Rxf5+ Kg7 1/2-1/2